Stochastic methods for modeling and predicting complex dynamical systems: (Record no. 171877)

MARC details
000 -LEADER
fixed length control field 00958nam a22002537a 4500
003 - CONTROL NUMBER IDENTIFIER
control field OSt
005 - DATE AND TIME OF LATEST TRANSACTION
control field 20250529114633.0
008 - FIXED-LENGTH DATA ELEMENTS--GENERAL INFORMATION
fixed length control field 250529b |||||||| |||| 00| 0 eng d
020 ## - INTERNATIONAL STANDARD BOOK NUMBER
International Standard Book Number 9783031222481 (hardcover)
040 ## - CATALOGING SOURCE
Original cataloging agency NUST
Language of cataloging eng
Transcribing agency NUST
Modifying agency NUST
Description conventions rda
050 ## - LIBRARY OF CONGRESS CALL NUMBER
Classification number TA352 CHE
100 ## - MAIN ENTRY--PERSONAL NAME
Personal name Chen, Nan
Relator term Author
245 ## - TITLE STATEMENT
Title Stochastic methods for modeling and predicting complex dynamical systems:
Remainder of title Uncertainty quantification, state estimation, and reduced-order models /
Statement of responsibility, etc. Nan Chen
260 ## - PUBLICATION, DISTRIBUTION, ETC.
Place of publication, distribution, etc. Wisconsin :
Name of publisher, distributor, etc. Springer,
Date of publication, distribution, etc. 202.3
300 ## - PHYSICAL DESCRIPTION
Extent xvi, 198 pages :
Other physical details Illustrations ;
Dimensions 23 cm.
336 ## - CONTENT TYPE
Source rdamedia
Content type term text
Content type code txt
337 ## - MEDIA TYPE
Source rdamedia
Media type term unmediated
Media type code n
338 ## - CARRIER TYPE
Source rdamedia
Carrier type term volume
Carrier type code nc
504 ## - BIBLIOGRAPHY, ETC. NOTE
Bibliography, etc. note Includes bibliographical references and index.
650 ## - SUBJECT ADDED ENTRY--TOPICAL TERM
Form subdivision Artificial Intelligence General.
650 ## - SUBJECT ADDED ENTRY--TOPICAL TERM
Form subdivision Computer Science.
650 ## - SUBJECT ADDED ENTRY--TOPICAL TERM
Form subdivision Database Administration & Management.
942 ## - ADDED ENTRY ELEMENTS (KOHA)
Source of classification or shelving scheme Library of Congress Classification
Koha item type Ordinary Loan Books
Classification part TA352 CHE
Call number prefix TA
Call number suffix CHE
Suppress in OPAC No
Holdings
Withdrawn status Lost status Source of classification or shelving scheme Damaged status Not for loan Collection Home library Current library Shelving location Date acquired Source of acquisition Cost, normal purchase price Total Checkouts Full call number Barcode Date last seen Accession number Cost, replacement price Price effective from Koha item type Public note
    LCC     NFIC MAIN MAIN GEN 05/29/2025 Book Aid International 43.00   TA352 CHE 92004054314 05/29/2025 61652 43.00 05/29/2025 BOOKS Donation